| 000 | 00649nam a2200301Ia 4500 | ||
|---|---|---|---|
| 005 | 20260401122307.0 | ||
| 008 | 008 250103s9999 xx 000 0 eng d | ||
| 020 | _a9780375424946 | ||
| 037 | _aTB | ||
| 040 | _aEDL | ||
| 040 | _beng | ||
| 040 | _cEDL | ||
| 041 | _2eng | ||
| 041 | _aeng | ||
| 084 | _a822.33 WEL | ||
| 084 | _qEDL | ||
| 100 |
_aWells, Stanley _91233155 |
||
| 245 | 0 | _aShakespeare and Co. | |
| 245 | 0 | _cWells, Stanley | |
| 260 | _aNew-York | ||
| 260 | _bPantheon Books | ||
| 260 | _c2006 | ||
| 300 | _a286p | ||
| 942 | _cTB | ||
| 942 | _h822.33 WEL | ||
| 999 |
_c1846288 _d1846288 |
||